Statistics for In what city is the oldest restaurant in every state?

Click here to take the quiz!

General Stats

  • This quiz has been taken 1,272 times
  • The average score is 9 of 51

Answer Stats

HintAnswer% Correct
Oregon - Huber's Cafe ( American West - 1879 )Portland
62%
Massachusetts - Union Oyster House (Seafood - 1826)Boston
58%
Colorado - The Buckhorn Exchange (Western - 1893)Denver
58%
California - Tadich Grill (Seafood Mesquite - 1849)San Francisco
47%
Louisiana - Antoine's Restaurant (French-Creole - 1840)New Orleans
44%
Pennsylvania - McGillin's Olde Ale House ( Bar - 1860 )Philadelphia
44%
Florida - Columbia Restaurant (Cuban - 1905)Tampa
40%
Tennessee - Varallo's Chile Parlor (So. American/Italian - 1907)Nashville
38%
Minnesota - Pracna on Main ( American - 1890)Minneapolis
36%
Oklahoma - Cattlemen's Steakhouse - Western - 1910 )Oklahoma City
36%
New Mexico - El Farol (Paella and Steak - 1835)Santa Fe
36%
Texas - Scholz Garten (German - 1866)Austin
36%
Delaware - Kelly's Logan House (Irish Pub - 1889)Wilmington
35%
Nebraska - Glur's Tavern (Western Burgers - 1876)Columbus
33%
District of Columbia - Old Ebbitt Grill (Oysters Bar - 1856)Washington
33%
North Dakota - Peacock Alley Grill & Bar (Western - 1933)Bismarck
33%
South Carolina - Henry's House - (Southern - 1930)Charleston
27%
Vermont - Ye Olde Tavern (New England - 1790 )Manchester
22%
Washington - Horseshoe Cafe - Country - 1886 )Bellingham
15%
Montana - Pekin Noodle Parlor (Chinese - 1911)Butte
13%
Rhode Island - White Horse Tavern ( Lobster BLT - 1673)Newport
13%
Mississippi - Weidmann's Restaurant - (Southern - 1923)Meridian
11%
Kentucky - Talbott Tavern (American Cuisine - 1779)Bardstown
11%
Nevada - The Martin Hotel (Basque-American - 1898)Winnemucca
9%
Alabama - The Bright Star (Greek - 1907)Bessemer
9%
West Virginia - North End Tavern & Brewery (Burger Beer - 1899)Parkersburg
7%
New Jersey - The Cranbury Inn (Revolutionary Food - 1750)Cranbury
7%
Maryland - The Old South Mountain Inn (Seafood - 1732)Boonsboro
7%
Arizona - The Palace Restaurant and Saloon (Western - 1877)Prescott
7%
Connecticut - The Griswold Inn (Bar & Breakfast - 1812)Essex
7%
Hawaii - Manago Hotel Restaurant (Pork Chops - 1917 )Captain Cook
7%
Wyoming - Miners & Stockmen's Steakhouse & Spirits (1862)Hartville
5%
South Dakota - Legends Steakhouse (American - 1903)Deadwood
5%
Wisconsin - Red Circle Inn & Bistro (German Am - 1848)Nashotah
5%
Arkansas - White House Cafe (Ark-Mex Cuisine 1907)Camden
5%
Virginia - The Red Fox Inn & Tavern (American - 1728 )Middleburg
5%
Utah - Hi-Mountain Drug (American - 1920)Kamas
5%
Georgia - The Plaza Restaurant & Oyster Bar (Greek/Italian - 1916)Thomasville
5%
Illinois - The Village Tavern (Steaks & French Onion Soup - 1849)Long Grove
5%
Idaho - The Snake Pit (BBQ, Beer, Rocky Mt. Oysters - 1879)Enaville
5%
Indiana - The Log Inn (Country Comfort Food & Pies - 1844)Haubstadt
5%
Kansas - Hays House (Fried Chicken & Pie - Daniel Boone - 1857)Council Grove
5%
Ohio - The Golden Lamb - American - 1803 )Lebanon
5%
New York - The '76 House ( American - 1686 )Tappan
5%
New Hampshire - The Fox Tavern ( New England - 1789)Hancock
5%
Missouri - J. Huston Tavern ( American Fried Chicken - 1834)Arrow Rock
4%
Iowa - Breitbach's Country Dining (Country Tenderloin - 1852)Sherrill
4%
Maine - The Palace Diner (Breakfast Flapjacks hash - 1927)Biddeford
4%
North Carolina - Carolina Coffee Shop (BBQ Southern - 1922)Chapel Hill
4%
Michigan - The White Horse Inn (American Western - 1848)Metamora
4%
Alaska - Olivia's Bistro at Historic Inn (Seafood - 1897)Skagway
4%

Score Distribution

Percentile by Number Answered

Percent of People with Each Score

Your Score History

You have not taken this quiz